<?xml version="1.0" encoding="UTF-8"?><?xml-stylesheet type="text/xsl" href="static/style.xsl"?><OAI-PMH xmlns="http://www.openarchives.org/OAI/2.0/" xmlns:xsi="http://www.w3.org/2001/XMLSchema-instance" xsi:schemaLocation="http://www.openarchives.org/OAI/2.0/ http://www.openarchives.org/OAI/2.0/OAI-PMH.xsd"><responseDate>2026-04-27T23:23:02Z</responseDate><request verb="GetRecord" identifier="oai:uvadoc.uva.es:10324/10665" metadataPrefix="marc">https://uvadoc.uva.es/oai/request</request><GetRecord><record><header><identifier>oai:uvadoc.uva.es:10324/10665</identifier><datestamp>2025-02-21T12:02:27Z</datestamp><setSpec>com_10324_38</setSpec><setSpec>col_10324_852</setSpec></header><metadata><record xmlns="http://www.loc.gov/MARC21/slim" xmlns:doc="http://www.lyncode.com/xoai" xmlns:xsi="http://www.w3.org/2001/XMLSchema-instance" xmlns:dcterms="http://purl.org/dc/terms/" xsi:schemaLocation="http://www.loc.gov/MARC21/slim http://www.loc.gov/standards/marcxml/schema/MARC21slim.xsd">
<leader>00925njm 22002777a 4500</leader>
<datafield tag="042" ind1=" " ind2=" ">
<subfield code="a">dc</subfield>
</datafield>
<datafield tag="720" ind1=" " ind2=" ">
<subfield code="a">Coria Cancelo, Guillermo</subfield>
<subfield code="e">author</subfield>
</datafield>
<datafield tag="260" ind1=" " ind2=" ">
<subfield code="c">2015</subfield>
</datafield>
<datafield tag="520" ind1=" " ind2=" ">
<subfield code="a">La visión del color es un tema muy amplio. A lo largo de la historia, diversos autores se han centrado en este tema elaborando diferentes teorías. Hoy en día hay dos teorías principales sobre la visión del color en los seres humanos: la teoría tricromática y la teoría de los colores oponentes. La teoría tricromática se basa en que la absorción de fotones de una determinada longitud de onda, se lleva a cabo por tres fotopigmentos diferentes, situados en los tres tipos de conos. Esta información se envía a las siguientes capas de la retina y al núcleo geniculado lateral, donde se procesa de manera oponente en tres canales distintos: Rojo-Verde, Azul-Amarillo y Blanco-Negro, siendo este último, un canal acromático. En los últimos años, diversos estudios, están tratando de averiguar si pueden consolidar una teoría tetracromática para la percepción del color, incluyendo, además de los tres fotopigmentos de los conos, a la melanopsina. Parece ser que esta teoría cobra fuerza, sobre todo en la retina periférica, donde los valores predichos por la teoría tricromática se desvían de los estímulos cromáticos percibidos.</subfield>
</datafield>
<datafield tag="024" ind2=" " ind1="8">
<subfield code="a">http://uvadoc.uva.es/handle/10324/10665</subfield>
</datafield>
<datafield ind1=" " ind2=" " tag="653">
<subfield code="a">Visión, trastornos de la</subfield>
</datafield>
<datafield ind1=" " ind2=" " tag="653">
<subfield code="a">Tricromatismo</subfield>
</datafield>
<datafield ind1=" " ind2=" " tag="653">
<subfield code="a">Visión tetracromática</subfield>
</datafield>
<datafield tag="245" ind1="0" ind2="0">
<subfield code="a">La visión del color en los seres humanos</subfield>
</datafield>
</record></metadata></record></GetRecord></OAI-PMH>